Digitally enhancing business in Britain's towns and cities (Record no. 72354)
[ view plain ]
| 000 -LEADER | |
|---|---|
| fixed length control field | 01241cam a2200217 4500 |
| 001 - CONTROL NUMBER | |
| control field | X121741 |
| 008 - FIXED-LENGTH DATA ELEMENTS--GENERAL INFORMATION | |
| fixed length control field | 030326n2003 000 0 eng u |
| 035 ## - SYSTEM CONTROL NUMBER | |
| System control number | (Sirsi) u121741 |
| 100 ## - MAIN ENTRY--PERSONAL NAME | |
| Personal name | Hawkins, D. |
| 245 ## - TITLE STATEMENT | |
| Title | Digitally enhancing business in Britain's towns and cities |
| 260 ## - PUBLICATION, DISTRIBUTION, ETC. | |
| Date of publication, distribution, etc. | 2003 |
| 490 ## - SERIES STATEMENT | |
| Series statement | New Urban Futures |
| Volume/sequential designation | (8) 6 February 2003, 6(1) |
| 520 ## - SUMMARY, ETC. | |
| Summary, etc. | Looks at government measures to promote broadband technology to UK businesses which include a new broadband task force and pushing forward broadband at a local level. Broadband technology can improve companies' productivity and help deliver economic regeneration, but figures from the Office of Telecommunications for January 2003 reveal that only 18% of private firms are wired up. Questions the commitment of some urban local authorities to deliver broadband and suggests that more effort is needed to prevent a 'digital divide'. Concludes by outlining barriers to broadband access such as additional costs under an amendment to the Transport Act 2001. |
| 650 ## - SUBJECT ADDED ENTRY--TOPICAL TERM | |
| Topical term or geographic name entry element | BROADBAND TECHNOLOGY |
| 650 ## - SUBJECT ADDED ENTRY--TOPICAL TERM | |
| Topical term or geographic name entry element | INTERNET |
| 650 ## - SUBJECT ADDED ENTRY--TOPICAL TERM | |
| Topical term or geographic name entry element | LOCAL AUTHORITIES |
| 650 ## - SUBJECT ADDED ENTRY--TOPICAL TERM | |
| Topical term or geographic name entry element | BUSINESS |
| 650 ## - SUBJECT ADDED ENTRY--TOPICAL TERM | |
| Topical term or geographic name entry element | ECONOMIC REGENERATION |
| 690 ## - LOCAL SUBJECT ADDED ENTRY--TOPICAL TERM (OCLC, RLIN) | |
| Topical term or geographic name as entry element | INFORMATION TECHNOLOGY-INTERNET |
| 942 ## - ADDED ENTRY ELEMENTS (KOHA) | |
| Suppress in OPAC | 0 |
| Withdrawn status | Lost status | Source of classification or shelving scheme | Damaged status | Not for loan | Home library | Current library | Shelving location | Date acquired | Total Checkouts | Full call number | Barcode | Date last seen | Copy number | Price effective from | Koha item type |
|---|---|---|---|---|---|---|---|---|---|---|---|---|---|---|---|
| Dewey Decimal Classification | London | London | Journal article | 26/03/2003 | X121741 | 121741-1001 | 06/08/2019 | 1 | 06/08/2019 | Journal article |